100 Largest Indiana Municipalities - Statistics

General Stats
  • This quiz has been taken 6 times
  • The average score is 37 of 100
Answer Stats
Hint Answer % Correct
78,840 Bloomington
80%
102,296 Carmel
80%
115,332 Evansville
80%
269,994 Fort Wayne
80%
67,652 Gary
80%
888,578 Indianapolis
80%
71,216 Lafayette
80%
103,395 South Bend
80%
44,829 West Lafayette
80%
55,199 Anderson
60%
51,522 Columbus
60%
53,484 Elkhart
60%
104,094 Fishers
60%
25,908 Franklin
60%
25,920 Greenfield
60%
59,890 Kokomo
60%
12,208 Madison
60%
31,659 Michigan City
60%
65,081 Muncie
60%
73,916 Noblesville
60%
58,502 Terre Haute
60%
34,627 Valparaiso
60%
12,513 Washington
60%
57,746 Westfield
60%
32,534 Zionsville
60%
24,321 Avon
40%
32,250 Brownsburg
40%
34,884 Crown Point
40%
11,525 Danville
40%
10,020 Decatur
40%
16,333 Dyer
40%
25,830 East Chicago
40%
34,355 Goshen
40%
9,882 Greencastle
40%
66,296 Greenwood
40%
76,193 Hammond
40%
29,408 Hobart
40%
51,235 Jeffersonville
40%
49,235 Lawrence
40%
28,105 Marion
40%
11,273 McCordsville
40%
50,842 Mishawaka
40%
9,859 Mooresville
40%
37,329 New Albany
40%
37,047 Plainfield
40%
10,989 Plymouth
40%
38,513 Portage
40%
35,425 Richmond
40%
29,657 Schererville
40%
21,666 Seymour
40%
14,157 Speedway
40%
10,269 Wabash
40%
9,456 Angola
20%
13,888 Auburn
20%
11,075 Bargersville
20%
13,855 Bedford
20%
14,422 Beech Grove
20%
10,467 Bluffton
20%
8,214 Brazil
20%
16,068 Cedar Lake
20%
8,460 Charlestown
20%
14,657 Chesterton
20%
22,208 Clarksville
20%
10,126 Columbia City
20%
13,298 Connersville
20%
16,577 Crawfordsville
20%
8,423 Elwood
20%
16,409 Frankfort
20%
30,279 Granger
20%
12,363 Greensburg
20%
16,222 Griffith
20%
23,525 Highland
20%
11,316 Huntertown
20%
16,992 Huntington
20%
16,781 Jasper
20%
10,239 Kendallville
20%
13,047 Lake Station
20%
22,486 La Porte
20%
17,252 Lebanon
20%
18,233 Logansport
20%
11,946 Martinsville
20%
36,347 Merrillville
20%
23,614 Munster
20%
17,329 New Castle
20%
15,974 New Haven
20%
10,953 Peru
20%
8,401 Princeton
20%
7,373 Scottsburg
20%
10,058 Sellersburg
20%
20,609 Shelbyville
20%
23,644 St. John
20%
7,485 Tell City
20%
16,588 Vincennes
20%
16,097 Warsaw
20%
13,049 Whitestown
20%
8,045 Winfield
20%
11,740 Yorktown
20%
7,354 Batesville
0%
7,338 Lakes of the Four Seasons
0%
11,239 Lowell
0%
No matching quizzes found
Score Distribution
Percent of People with Each Score
Percentile by Number Answered
Your Score History
You have not taken this quiz